MARC details
| 000 -LEADER |
| fixed length control field |
01527cam a2200421 4500 |
| 005 - DATE AND TIME OF LATEST TRANSACTION |
| control field |
20151106123857.0 |
| 008 - FIXED-LENGTH DATA ELEMENTS--GENERAL INFORMATION |
| fixed length control field |
701123s1970 enkch b 001 0 eng |
| 010 ## - LIBRARY OF CONGRESS CONTROL NUMBER |
| LC control number |
76018474 |
| 015 ## - NATIONAL BIBLIOGRAPHY NUMBER |
| National bibliography number |
B*** |
| 035 ## - SYSTEM CONTROL NUMBER |
| System control number |
DCHA97-B8650 |
| 035 ## - SYSTEM CONTROL NUMBER |
| System control number |
(OCoLC)ocm00101871 |
| 040 ## - CATALOGING SOURCE |
| Original cataloging agency |
DLC |
| Transcribing agency |
DLC |
| Modifying agency |
OCL |
| -- |
WaOLN |
| 041 1# - LANGUAGE CODE |
| Language code of text/sound track or separate title |
eng |
| Language code of original and/or intermediate translations of text |
fre |
| 043 ## - GEOGRAPHIC AREA CODE |
| Geographic area code |
e-fr--- |
| 049 ## - LOCAL HOLDINGS (OCLC) |
| Holding library |
SNI& |
| 050 00 - LIBRARY OF CONGRESS CALL NUMBER |
| Classification number |
PQ437 |
| Item number |
.R314 1970 |
| 090 ## - LOCALLY ASSIGNED LC-TYPE CALL NUMBER (OCLC); LOCAL CALL NUMBER (OCLC) |
| Classification number (OCLC) (R) ; Classification number, CALL (RLIN) (NR) |
PQ437 |
| Local cutter number (OCLC) ; Book number/undivided call number, CALL (RLIN) |
.R314 1970 |
| 100 1# - MAIN ENTRY--PERSONAL NAME |
| Personal name |
Raymond, Marcel, |
| Dates associated with a name |
1897-1981 |
| 9 (RLIN) |
21006 |
| 240 10 - UNIFORM TITLE |
| Uniform title |
<a href="De Baudelaire au surréalisme.">De Baudelaire au surréalisme.</a> |
| Language of a work |
English |
| 245 10 - TITLE STATEMENT |
| Title |
From Baudelaire to surrealism. |
| Statement of responsibility, etc |
Translated from the French. |
| 260 ## - PUBLICATION, DISTRIBUTION, ETC. (IMPRINT) |
| Place of publication, distribution, etc |
London, |
| Name of publisher, distributor, etc |
Methuen |
| Date of publication, distribution, etc |
[1970] |
| 300 ## - PHYSICAL DESCRIPTION |
| Extent |
356 p. |
| Other physical details |
facsims., ports. |
| Dimensions |
21 cm. |
| 490 0# - SERIES STATEMENT |
| Series statement |
University paperbacks, |
| Volume number/sequential designation |
UP355 |
| 500 ## - GENERAL NOTE |
| General note |
"First published as De Baudelaire au surrealisme 1933." |
| 500 ## - GENERAL NOTE |
| General note |
"Distributed in USA by Barnes & Noble Inc." |
| 504 ## - BIBLIOGRAPHY, ETC. NOTE |
| Bibliography, etc |
Bibliography: p. [325]-348. |
| 650 #0 - SUBJECT ADDED ENTRY--TOPICAL TERM |
| Topical term or geographic name as entry element |
French poetry |
| Chronological subdivision |
20th century |
| General subdivision |
History and criticism |
| 9 (RLIN) |
21007 |
| 650 #0 - SUBJECT ADDED ENTRY--TOPICAL TERM |
| Topical term or geographic name as entry element |
French poetry |
| Chronological subdivision |
19th century |
| General subdivision |
History and criticism |
| 9 (RLIN) |
21008 |
| 650 #0 - SUBJECT ADDED ENTRY--TOPICAL TERM |
| Topical term or geographic name as entry element |
Symbolism (Literary movement) |
| Geographic subdivision |
France |
| 9 (RLIN) |
21009 |
| 650 #0 - SUBJECT ADDED ENTRY--TOPICAL TERM |
| Topical term or geographic name as entry element |
Surrealism (Literature) |
| Geographic subdivision |
France |
| 9 (RLIN) |
21010 |
| 650 #0 - SUBJECT ADDED ENTRY--TOPICAL TERM |
| Topical term or geographic name as entry element |
Imagist Poetry |
| 9 (RLIN) |
21011 |
| 650 #0 - SUBJECT ADDED ENTRY--TOPICAL TERM |
| Topical term or geographic name as entry element |
Surrealism |
| 9 (RLIN) |
21012 |
| 650 #0 - SUBJECT ADDED ENTRY--TOPICAL TERM |
| Topical term or geographic name as entry element |
Baudelaire, Charles Pierre |
| 9 (RLIN) |
21013 |
| 650 #0 - SUBJECT ADDED ENTRY--TOPICAL TERM |
| Topical term or geographic name as entry element |
French Poetry |
| General subdivision |
Bible |
| 9 (RLIN) |
21014 |
| 942 ## - ADDED ENTRY ELEMENTS (KOHA) |
| Source of classification or shelving scheme |
Library of Congress Classification |
| Item type |
Monograph ( Printed materials) |
| 949 ## - LOCAL PROCESSING INFORMATION (OCLC) |
| a |
PQ437 .R314 1970 |
| l |
HMSG |
| g |
HMSGMai |
| d |
1 |
| n |
LC |
| t |
book |
| 998 ## - LOCAL CONTROL INFORMATION (RLIN) |
| First Date, FD (RLIN) |
07/29/97 |
| Cataloger's initials, CIN (RLIN) |
KDW |
| Operator's initials, OID (RLIN) |
HIR |